02099cam a2200325 i 4500003000900000005001700009007000300026008004100029020001500070040003100085082002800116100004200144245006200186250001800248264004500266300002600311336002700337337003300364338002800397490002800425500007000453520098800523590002701511650002801538650003101566910001401597942001401611952013101625999001701756DO-SdBNP20240625112459.0ta240625s1995 sp 000 f spa d a8433909681 aDO-SdBNPcspadBNPHU erda a863.64bM333m, 19952221 aMarías, Javierd1951-917831eautor10aMañana en la batalla piensa en mí /cJavier Marías. a8a. edición 1aBarcelona, España :bAnagrama, c1995. a367 páginasc22 cm. 2rdacontentatextobtxt 2rdamediaasin mediaciónbn 2rdacarrieravolumenbnc1 aNarrativas hispánicas aIncluye datos biografícos del autor en la solapa de la portada. aLa hechizante primera frase de esta novela ya dice mucho, quizá demasiado: "Nadie piensa nunca que pueda ir a encontrarse con una muerta entre los brazos y que ya no verá más su rostro cuyo nombre recuerda". Esto es lo que ocurre al narrador, Víctor Frances, guionista de televisión y "negro" o "escritor fantasma", encargado de redactar los discursos de la gente importante e ignorante. Recientemente divorciado, es invitado a cenar a su casa por Marta Tellez, mujer casada cuyo marido está de viaje y madre de un niño de dos años. Tras la cena galante, el hombre y la mujer pasan al dormitorio donde, "aún medio vestidos y medio desvestidos", ella empieza a sentirse mal hasta que agoniza y muere en una escena sobrecogedora. Esa infidelidad no consumada se convierte así en una especie de "encantamiento", con problemas bien reales e inmediatos: que hacer con el cadáver, avisar o no avisar, que hacer respecto al marido, que hacer con el niño dormido, aInventariado, 2024/ YL 4aNovela española91123 4aLiteratura española9632 aYLockward 2ddccLBS1 00102ddc56708GRaBNPHUbBNPHUcCTd2015-12-01eDonación l0o863.64 M333m, 1995p2024-3713r2024-06-25w2024-06-25yLBS1 c56971d56971